ბათუმის შოთა რუსთაველის სახელმწიფო უნივერსიტეტის ბიბლიოთეკა

ბათუმის ბოტანიკური ბაღის ხეები და ბუჩქები : (ბიბ.ჩანაწერი № 58253)

000 -ლიდერი
ფიქსირებული სიგრძის საკონტროლო ველი 01364nam a22002417a 4500
003 - საკონტროლო ნომრის იდენტიფიკატორი
საკონტროლო ველი Ge_BSU
005 - ბოლო ოპერაციის თარიღი და დრო
საკონტროლო ველი 20250131104325.0
008 - ფიქსირებული სიგრძის მონაცემთა ელემენტები - ზოგადი ინფორმაცია
ფიქსირებული სიგრძის საკონტროლო ველი 211011s2012 ge ||||| |||| 00| 0 geo d
020 ## - წიგნის საერთაშორისო სტანდარტული ნომერი
International Standard Book Number 9789941929601
041 ## - ენის კოდი
Language code of text/sound track or separate title geo
080 ## - უნივერსალური ათობითი კლასიფიკაციის ინდექსი
Universal Decimal Classification number 58(479.223)+(582.091)(479.223) ბ-17
245 ## - ცნობა სათაურის შესახებ
Title ბათუმის ბოტანიკური ბაღის ხეები და ბუჩქები :
Remainder of title (ანოტირებული სია) /
Statement of responsibility, etc ავტ.: ნანი აროშიძე, ბულბული ბოლქვაძე, მარიზა ბრეგვაძე [და სხვ.].
264 ## - წარმოების, გამოცემის, დისტრიბუციის და სხვა ცნობები
გამოცემის, წარმოების, დისტრიბუციის... ადგილი თბ. :
გამოცემის, წარმოების, დისტრიბუციის... სახელწოდება შპს "საჩინო",
გამოცემის, წარმოების, დისტრიბუციის... თარიღი 2012.
300 ## - ფიზიკური აღწერა
Extent 184 გვ. ;
Other physical details 14 სმ.
500 ## - ზოგადი შენიშვნა
General note ტექსტი ქართ. და ინგლ.
653 ## - INDEX TERM--UNCONTROLLED
Uncontrolled term ბოტანიკური ბაღები საქართველოში.
700 ## - ADDED ENTRY--PERSONAL NAME
Personal name აროშიძე, ნანი
Relator term ავტორი
9 (RLIN) 10793
700 ## - ADDED ENTRY--PERSONAL NAME
Personal name ბოლქვაძე, ბულბული
Relator term ავტორი
9 (RLIN) 10793
700 ## - ADDED ENTRY--PERSONAL NAME
Personal name ბრეგვაძე, მარიზა
Relator term ავტორი
9 (RLIN) 12628
700 ## - ADDED ENTRY--PERSONAL NAME
Personal name გელაძე, გიული
Relator term ავტორი
9 (RLIN) 12629
700 ## - ADDED ENTRY--PERSONAL NAME
Personal name თათარიშვილი, მარინე და სხვ.
Relator term ავტორი
9 (RLIN) 12630
942 ## - ADDED ENTRY ELEMENTS (KOHA)
Source of classification or shelving scheme
Koha item type წიგნი
ეგზემპლარები
ჩამოწერის სტატუსი დაკარგული ეგზემპლარის სტატუსი კლასიფიკაციის წყარო ან თაროზე გაწყობის სქემა დაზიანების სტატუსი არ გაიცემა მუდმივი მდებარეობა (დაცვის ადგილი) ამჟამინდელი ადგილსამყოფელი თაროზე განთავსების ადგილი შეძენის თარიღი ღირებულება, შესყიდვის ნორმალური ფასი სრული შენახვის შიფრი შტრიხკოდი ბოლო ოპერაციის თარიღი ეგზემპლარის მიმდევრობითი ნომერი (კეტერი?) ფასის ძალაში შესვლის თარიღი ეგზემპლარის სახეობა საჯარო შენიშვნა Uniform Resource Identifier
          ბათუმის შოთა რუსთაველის სახელმწიფო უნივერსიტეტის მთავარი ბიბლიოთეკა ბათუმის შოთა რუსთაველის სახელმწიფო უნივერსიტეტის მთავარი ბიბლიოთეკა წიგნსაცავი 2021-10-11 15.00 58(479.223)+582.091(479.223) ბ-17 61813 2021-10-11 61813 2021-10-11 წიგნი 15 ლ.  
          ბათუმის შოთა რუსთაველის სახელმწიფო უნივერსიტეტის მთავარი ბიბლიოთეკა ბათუმის შოთა რუსთაველის სახელმწიფო უნივერსიტეტის მთავარი ბიბლიოთეკა წიგნსაცავი 2021-10-11 15.00 58(479.223)+582.091(479.223) ბ-17 61814 2021-10-11 61814 2021-10-11 წიგნი 15 ლ.  
          ბათუმის შოთა რუსთაველის სახელმწიფო უნივერსიტეტის მთავარი ბიბლიოთეკა ბათუმის შოთა რუსთაველის სახელმწიფო უნივერსიტეტის მთავარი ბიბლიოთეკა წიგნსაცავი 2025-01-31 15.00 58(479.223)+(582.091)(479.223) ბ-17 70520 2025-01-31 70520 2025-01-31 წიგნი 15.00 ნაჩუქარი